000 00488nam a2200169Ia 4500
005 20250424120259.0
008 250424s9999 xx 000 0 und d
022 _a25455915
050 _aT 58.64 .I54/
245 0 _aJournal of International Sciences and Technology
260 _aIbadan, Nigeria
260 _bUniversity of Ibadan
260 _c2021
300 _a30 p. :ill. ; 29 cm.
650 _aInformation technology--Periodicals. Computer science--Periodicals.
942 _cSR
999 _c38417
_d38417